[Event "USCL Tennessee vs San Francisco"]
[Site "Internet Chess Club"]
[Date "2006.10.18"]
[Round "8"]
[White "Shankland, Sam"]
[Black "Phay, Gainer"]
[Result "1-0"]
[WhiteElo "2161"]
[BlackElo "1983"]
[PlyCount "47"]
[EventDate "2006.??.??"]

1. e4 e6 2. d4 d5 3. Nc3 Nf6 4. exd5 exd5 5. Bg5 Be7 6. Bd3 Nc6 7. Nge2 Nb4 8.
O-O Nxd3 9. Qxd3 O-O 10. Rfe1 c6 11. Ng3 h6 12. Bf4 Bd6 13. Be5 Ng4 14. Bxd6
Qxd6 15. h3 Nf6 16. Re5 Bd7 17. Rae1 Rfe8 18. Nd1 Qc7 19. f4 Rxe5 20. fxe5 Re8
21. Rf1 Nh7 22. Nh5 Bc8 23. Qg3 g6 24. e6 1-0

[Event "USCL Miami vs Seattle"]
[Site "Internet Chess Club"]
[Date "2006.10.18"]
[Round "8"]
[White "Mikhailuk, Slava"]
[Black "Lugo, Blas"]
[Result "0-1"]
[WhiteElo "2433"]
[BlackElo "2447"]
[PlyCount "74"]
[EventDate "2006.??.??"]

1. e4 e5 2. Nf3 Nc6 3. d4 exd4 4. Nxd4 Bc5 5. Nxc6 bxc6 6. Bd3 d6 7. Nc3 Nf6 8.
Bg5 h6 9. Bh4 a5 10. Qd2 g5 11. Bg3 Nh5 12. O-O-O Be6 13. Rde1 a4 14. a3 Qb8
15. e5 d5 16. f4 Nxf4 17. Bxf4 gxf4 18. Qxf4 Be7 19. h4 h5 20. Be2 Qb6 21. Rd1
Rb8 22. Nxa4 Qa5 23. Rd3 Kd7 24. Nc3 Rxb2 25. Nxd5 cxd5 26. Kxb2 Rb8+ 27. Kc1
Bxa3+ 28. Rxa3 Qxa3+ 29. Kd2 Rb4 30. Ra1 Qb2 31. Qf1 Qxe5 32. Bb5+ Ke7 33. Ra8
Rf4 34. Qg1 d4 35. Re8+ Kf6 36. g3 Rf3 37. Be2 Qa5+ 0-1

[Event "USCL Miami vs Seattle"]
[Site "Internet Chess Club"]
[Date "2006.10.18"]
[Round "8"]
[White "Moreno Roman, Alejandro"]
[Black "Milat, Marcel"]
[Result "0-1"]
[WhiteElo "2437"]
[BlackElo "2354"]
[PlyCount "98"]
[EventDate "2006.??.??"]

1. d4 Nf6 2. c4 c5 3. d5 b5 4. cxb5 a6 5. f3 e6 6. e4 exd5 7. e5 Qe7 8. Qe2 Ng8
9. Nc3 Bb7 10. Nh3 Qd8 11. Bg5 Be7 12. Bf4 c4 13. O-O-O axb5 14. Nxd5 Rxa2 15.
e6 Bxd5 16. Rxd5 fxe6 17. Rxb5 Ra1+ 18. Kc2 Nc6 19. Qxc4 Nf6 20. Ng5 Nd5 21.
Nxe6 Ndb4+ 22. Rxb4 Nxb4+ 23. Qxb4 Bxb4 24. Nxd8 Kxd8 25. g3 Re8 26. Bg5+ Kc7
27. Kb3 Be7 28. Bf4+ Bd6 29. Bd2 Rb8+ 30. Kc2 Be5 31. b4 Rba8 32. f4 R8a2+ 33.
Kd3 Rd1 34. fxe5 Raxd2+ 35. Ke3 Rb2 36. Bg2 Rxh1 37. Bxh1 Rxh2 38. Be4 h6 39.
b5 Rb2 40. Bd3 Rb4 41. Kf3 Kb6 42. Ke3 Kc5 43. Be2 Kd5 44. Bd3 Kxe5 45. Kf3 Rb3
46. Ke3 Kd5 47. g4 Kc5 48. Kd2 Rb4 49. Be2 Rb2+ 0-1

[Event "USCL Miami vs Seattle"]
[Site "Internet Chess Club"]
[Date "2006.10.18"]
[Round "8"]
[White "Koons, Nat"]
[Black "Cabrera, Julio"]
[Result "1-0"]
[WhiteElo "2258"]
[BlackElo "2077"]
[PlyCount "53"]
[EventDate "2006.??.??"]

1. e4 c5 2. Nf3 d6 3. Bb5+ Nc6 4. O-O Bd7 5. Re1 Nf6 6. c3 e5 7. d4 cxd4 8.
cxd4 Nxd4 9. Nxd4 exd4 10. Bxd7+ Qxd7 11. Qxd4 Be7 12. e5 dxe5 13. Qxe5 Rc8 14.
Bg5 Kf8 15. Nc3 h6 16. Bf4 Bc5 17. Rad1 Qc6 18. h3 g5 19. Nd5 Kg7 20. Bxg5 hxg5
21. Qxg5+ Kf8 22. Nxf6 Be7 23. Rxe7 Kxe7 24. Nd7+ Ke8 25. Qe5+ Qe6 26. Qxh8+
Ke7 27. Qxc8 1-0

[Event "USCL Seattle vs San Francisco"]
[Site "Internet Chess Club"]
[Date "2006.10.23"]
[Round "9"]
[White "Bhat, Vinay"]
[Black "Orlov, Georgi"]
[Result "1-0"]
[WhiteElo "2463"]
[BlackElo "2574"]
[PlyCount "67"]
[EventDate "2006.??.??"]

1. d4 d6 2. Nf3 Bg4 3. e4 Nf6 4. Nc3 e6 5. h3 Bh5 6. g4 Bg6 7. Qe2 d5 8. exd5
Nxd5 9. Ne4 Nd7 10. Bg2 c6 11. c4 Bb4+ 12. Kf1 N5f6 13. Ng3 Be7 14. Bf4 Qa5 15.
Nh4 Nb6 16. g5 Nfd7 17. Nxg6 hxg6 18. h4 Rd8 19. Ne4 e5 20. dxe5 O-O 21. e6
fxe6 22. Bg3 Nc5 23. Nxc5 Qxc5 24. b3 Qd4 25. Qxe6+ Kh8 26. Re1 Bc5 27. Qe2
Rde8 28. Qxe8 Rxe8 29. Rxe8+ Kh7 30. Be4 Qd7 31. h5 Qxe8 32. Bxg6+ Qxg6 33.
hxg6+ Kxg6 34. Rh8 1-0

[Event "USCL Seattle vs San Francisco"]
[Site "Internet Chess Club"]
[Date "2006.10.23"]
[Round "9"]
[White "Shankland, Sam"]
[Black "Lee, Michael"]
[Result "1-0"]
[WhiteElo "2161"]
[BlackElo "2124"]
[PlyCount "87"]
[EventDate "2006.??.??"]

1. e4 c5 2. Nf3 d6 3. d4 cxd4 4. Nxd4 Nf6 5. Nc3 g6 6. Be3 Bg7 7. f3 Nc6 8. Qd2
O-O 9. Bc4 Bd7 10. O-O-O Rb8 11. Bb3 Na5 12. h4 b5 13. Kb1 Nc4 14. Bxc4 bxc4
15. Ka1 Qc7 16. h5 Rfc8 17. g4 Qa5 18. Rb1 Rb4 19. Bh6 Bh8 20. a3 Rcb8 21. g5
Nxe4 22. fxe4 Ra4 23. Rhd1 Bg4 24. Nxa4 Qxa4 25. c3 Bxd1 26. Qxd1 Qd7 27. Qf3
Bxd4 28. cxd4 Rb3 29. Qd1 Qa4 30. Ka2 Qb5 31. d5 Rd3 32. Qc2 f5 33. gxf6 exf6
34. Rc1 Rb3 35. hxg6 hxg6 36. e5 Kf7 37. Rg1 Rd3 38. e6+ Ke7 39. Rxg6 Qxd5 40.
Rg7+ Kxe6 41. Qe2+ Qe5 42. Qg4+ Kd5 43. Rxa7 Qe8 44. Ra5+ 1-0

[Event "USCL Boston vs Carolina"]
[Site "Internet Chess Club"]
[Date "2006.10.25"]
[Round "9"]
[White "Christiansen, Larry"]
[Black "Milman, Lev"]
[Result "1-0"]
[WhiteElo "2663"]
[BlackElo "2504"]
[PlyCount "141"]
[EventDate "2006.??.??"]

1. e4 c5 2. Nf3 d6 3. d4 cxd4 4. Nxd4 Nf6 5. Nc3 a6 6. f4 e5 7. Nf3 Nbd7 8. a4
Be7 9. Bd3 O-O 10. O-O Nc5 11. Kh1 d5 12. fxe5 Nfxe4 13. Bxe4 dxe4 14. Nd4 Re8
15. Bf4 Bg5 16. b4 Bxf4 17. Rxf4 Nd3 18. cxd3 Qxd4 19. Nxe4 Qxe5 20. Nf6+ gxf6
21. Re4 Bg4 22. Qe1 Qb8 23. Rxg4+ Kh8 24. Qh4 Qd6 25. Rf1 Re6 26. Rf3 f5 27.
Rgf4 Rae8 28. h3 Re1+ 29. Rf1 Rxf1+ 30. Rxf1 Qxd3 31. Qf6+ Kg8 32. Rxf5 Re1+
33. Kh2 Qd7 34. Rg5+ Kf8 35. Rc5 Re6 36. Rc8+ Re8 37. Qh6+ Kg8 38. Qg5+ Kf8 39.
Qc5+ Kg8 40. Rc7 Qe6 41. Rxb7 Qe5+ 42. Qxe5 Rxe5 43. a5 Re3 44. b5 axb5 45.
Rxb5 Ra3 46. g4 Kg7 47. Kg2 Kg6 48. h4 Kf6 49. Kf2 Kg6 50. Rb6+ Kg7 51. Rb5 Kf6
52. Ke2 Rg3 53. Rf5+ Ke6 54. Rg5 Kf6 55. Kf2 Ra3 56. Rf5+ Kg6 57. h5+ Kg7 58.
Ke2 Rg3 59. Kd2 Rxg4 60. Kc3 Ra4 61. Kb3 Ra1 62. Kb4 f6 63. Kb5 Kf7 64. a6 Ke6
65. Rf4 Ke5 66. Ra4 Rb1+ 67. Kc6 Rb8 68. a7 Ra8 69. Kb7 Rd8 70. a8=Q Rxa8 71.
Rxa8 1-0

[Event "USCL Boston vs Carolina"]
[Site "Internet Chess Club"]
[Date "2006.10.25"]
[Round "9"]
[White "Hoekstra, Matthew"]
[Black "Kelleher, William"]
[Result "0-1"]
[WhiteElo "2391"]
[BlackElo "2387"]
[PlyCount "72"]
[EventDate "2006.??.??"]

1. d4 d5 2. c4 c6 3. cxd5 cxd5 4. Nf3 Nc6 5. Nc3 Nf6 6. Bf4 Bf5 7. e3 e6 8. Bb5
Bd6 9. Qa4 O-O 10. Ne5 Bxe5 11. dxe5 Nd7 12. Bxc6 Nc5 13. Qa3 Nd3+ 14. Kf1 bxc6
15. Rd1 Qh4 16. Bg3 Qc4 17. Kg1 Rab8 18. Rd2 Rb7 19. h3 Rfb8 20. Nd1 Qc1 21.
Rxd3 Bxd3 22. Qxd3 Rxb2 23. Kh2 Rd2 24. Qc3 Rb1 25. Qa5 h6 26. Bh4 Rxd1 27.
Rxd1 Qxd1 28. Qd8+ Kh7 29. Qf8 Qh5 30. Bg3 Qf5 31. Qc5 Rb7 32. Qxc6 Qb1 33. a4
Qb6 34. Qc2+ g6 35. Bh4 Qc7 36. Qe2 Qc4 0-1

[Event "USCL Boston vs Carolina"]
[Site "Internet Chess Club"]
[Date "2006.10.25"]
[Round "9"]
[White "Jones, Craig"]
[Black "Martirosov, Vadim"]
[Result "1-0"]
[WhiteElo "2294"]
[BlackElo "2270"]
[PlyCount "73"]
[EventDate "2006.??.??"]

1. d4 c5 2. d5 e6 3. e4 exd5 4. exd5 d6 5. Nc3 Nf6 6. Nf3 Bg4 7. h3 Bh5 8. Be2
Bxf3 9. Bxf3 Be7 10. O-O O-O 11. Bf4 Na6 12. Re1 Nc7 13. Qd3 Re8 14. g4 Rb8 15.
g5 Nd7 16. Ne4 c4 17. Qxc4 Nb6 18. Qb3 Nbxd5 19. Bg3 Qd7 20. Rad1 Qxh3 21. Nxd6
Bxd6 22. Bxd6 Rbd8 23. Rxe8+ Rxe8 24. Bg3 Ne6 25. Qxd5 h6 26. g6 fxg6 27. Re1
Kh7 28. Bg2 Qg4 29. Re4 Qf5 30. Qxf5 gxf5 31. Re5 Kg6 32. Bxb7 Kf6 33. Bd5 f4
34. Rxe6+ Rxe6 35. Bxe6 fxg3 36. Bb3 gxf2+ 37. Kxf2 1-0

[Event "USCL New York vs Baltimore"]
[Site "Internet Chess Club"]
[Date "2006.10.25"]
[Round "9"]
[White "Kaufman, Larry"]
[Black "Hess, Robert"]
[Result "0-1"]
[WhiteElo "2394"]
[BlackElo "2422"]
[PlyCount "126"]
[EventDate "2006.??.??"]

1. d4 Nf6 2. c4 e6 3. Nf3 Bb4+ 4. Nbd2 O-O 5. a3 Bxd2+ 6. Bxd2 d6 7. g3 Nc6 8.
Bg2 e5 9. d5 Ne7 10. O-O b5 11. b3 Ba6 12. Rc1 Qd7 13. Bg5 bxc4 14. Bxf6 gxf6
15. bxc4 Rab8 16. Qd2 Kg7 17. Rfe1 Rb3 18. Qa5 Rb6 19. c5 Qb5 20. Qd2 dxc5 21.
e4 c4 22. Bf1 Qa4 23. Rc3 Rfb8 24. Rec1 Rb1 25. Kg2 Rxc1 26. Qxc1 Rb3 27. Nd2
Rxc3 28. Qxc3 Nc8 29. Bxc4 Bxc4 30. Nxc4 Nd6 31. Nxd6 cxd6 32. Qf3 Qc4 33. Qg4+
Kf8 34. Qf5 h6 35. h4 Ke7 36. Qf3 a5 37. Qe3 a4 38. Qa7+ Kf8 39. Qb8+ Ke7 40.
Qb7+ Kf8 41. Qb8+ Kg7 42. Qxd6 Qxe4+ 43. Kg1 f5 44. Qd7 f4 45. Qg4+ Kf6 46. d6
Qd4 47. gxf4 exf4 48. d7 Ke7 49. Kg2 Qd6 50. Kf3 Qxa3+ 51. Kg2 Qd6 52. Qe2+
Kxd7 53. Qa2 Qc6+ 54. Kg1 Ke8 55. Qe2+ Kf8 56. Qe5 f3 57. Qh8+ Ke7 58. Qe5+ Qe6
59. Qc5+ Ke8 60. Qb5+ Kf8 61. Qb4+ Kg8 62. Qb8+ Kh7 63. Qg3 Qg6 0-1

[Event "USCL Dallas vs Philadelphia"]
[Site "Internet Chess Club"]
[Date "2006.10.25"]
[Round "9"]
[White "Smith, Bryan"]
[Black "Stopa, Jacek"]
[Result "0-1"]
[WhiteElo "2442"]
[BlackElo "2432"]
[PlyCount "94"]
[EventDate "2006.??.??"]

1. e4 c5 2. Nf3 Nc6 3. Bb5 e6 4. Bxc6 bxc6 5. d3 Ne7 6. Ng5 e5 7. O-O Ng6 8.
Qh5 Be7 9. f4 Bxg5 10. fxg5 d6 11. Kh1 Be6 12. b3 Qd7 13. h3 O-O-O 14. Nc3 Kb8
15. Be3 Ka8 16. Ne2 Ne7 17. c4 h6 18. gxh6 Ng8 19. h7 Nh6 20. Rf3 Rxh7 21. Rg3
Rdh8 22. Bxh6 Rxh6 23. Qf3 g5 24. Rxg5 Bxh3 25. Kg1 Bg4 26. Rxg4 Rh1+ 27. Kf2
Rxa1 28. Rg7 Rf8 29. Nc3 Rc1 30. Ke3 Qe6 31. Rh7 Qg6 32. Rh5 Rc2 33. Ne2 Rxa2
34. Rf5 f6 35. g4 Rb2 36. g5 Rxb3 37. gxf6 Rb7 38. Ng3 Qh6+ 39. Kf2 Qh2+ 40.
Ke3 Qg1+ 41. Qf2 Qxf2+ 42. Kxf2 a5 43. Nh5 a4 44. Kg3 Ka7 45. Kg4 Ka6 46. Kg5
a3 47. Rf1 Ka5 0-1

[Event "USCL Dallas vs Philadelphia"]
[Site "Internet Chess Club"]
[Date "2006.10.25"]
[Round "9"]
[White "Zaremba, Andrei"]
[Black "Costigan, Richard"]
[Result "1-0"]
[WhiteElo "2367"]
[BlackElo "2287"]
[PlyCount "69"]
[EventDate "2006.??.??"]

1. d4 d5 2. c4 c6 3. Nf3 Nf6 4. Nc3 dxc4 5. a4 Bf5 6. Ne5 Na6 7. f3 Nd7 8. Nxd7
Qxd7 9. e4 Bg6 10. Bxc4 Nb4 11. Be3 e5 12. dxe5 Qe7 13. O-O Qxe5 14. f4 Qa5 15.
f5 Bc5 16. Bf2 Bxf2+ 17. Rxf2 Qc5 18. fxg6 Qxc4 19. gxf7+ Ke7 20. Qg4 Qd4 21.
Qg5+ Ke6 22. Rd1 Nd3 23. Rxd3 Qxd3 24. Rd2 Qc4 25. Qf5+ Ke7 26. Rd7+ Kf8 27.
Qg5 Qb4 28. e5 Qc5+ 29. Kh1 h6 30. Qf4 Qe7 31. Rxe7 Kxe7 32. Ne4 Rhf8 33. Nd6
Rad8 34. h4 Rd7 35. Qg4 1-0

[Event "USCL Dallas vs Philadelphia"]
[Site "Internet Chess Club"]
[Date "2006.10.25"]
[Round "9"]
[White "Wilson, Elvin"]
[Black "Lopez, Nelson"]
[Result "1-0"]
[WhiteElo "2240"]
[BlackElo "2136"]
[PlyCount "105"]
[EventDate "2006.??.??"]

1. d4 Nf6 2. Nf3 e6 3. c4 b6 4. e3 Bb7 5. Bd3 d5 6. cxd5 exd5 7. O-O Bd6 8. Nc3
a6 9. b3 O-O 10. Bb2 Nbd7 11. Rc1 Qe7 12. Rc2 Ne4 13. Ne2 f5 14. Qc1 Rac8 15.
Re1 g5 16. Qa1 Rce8 17. Ne5 Bxe5 18. dxe5 Nec5 19. Nc1 Nxe5 20. Be2 Ned7 21.
Ba3 Qf6 22. Qb1 Rc8 23. b4 Na4 24. b5 Ndc5 25. Nb3 Nc3 26. Rxc3 Qxc3 27. Rc1
Qf6 28. Nxc5 bxc5 29. Bxc5 Rfe8 30. Bd3 Rb8 31. Bxf5 Bc8 32. Bxh7+ Kf7 33. Bd4
Qe6 34. Bg6+ Ke7 35. Bxe8 Kxe8 36. Rxc7 Rxb5 37. Qh7 Kd8 38. Rc1 Bd7 39. h4
gxh4 40. Qxh4+ Ke8 41. Qh8+ Ke7 42. Rc7 Rb1+ 43. Kh2 Qd6+ 44. Be5 Qg6 45. Bf6+
Ke6 46. Qd8 Qh7+ 47. Bh4 Qg7 48. Rxd7 Qe5+ 49. f4 Qa1 50. Qe8+ Kf5 51. Rf7+ Kg4
52. Qg8+ Kxh4 53. Rh7# 1-0

[Event "USCL Miami vs Tennessee"]
[Site "Internet Chess Club"]
[Date "2006.10.25"]
[Round "9"]
[White "Moreno Roman, Alejandro"]
[Black "Burnett, Ron"]
[Result "0-1"]
[WhiteElo "2437"]
[BlackElo "2423"]
[PlyCount "76"]
[EventDate "2006.??.??"]

1. e4 c5 2. Nf3 Nc6 3. Bb5 g6 4. O-O Bg7 5. Re1 e5 6. c3 Nge7 7. d4 cxd4 8.
cxd4 Nxd4 9. Nxd4 exd4 10. Bg5 h6 11. Bh4 O-O 12. Nd2 a6 13. Bd3 g5 14. Bg3 d5
15. exd5 Nxd5 16. Qb3 Be6 17. Qxb7 Qc8 18. Qb3 Nf4 19. Bc4 Rb8 20. Bxe6 fxe6
21. Qa4 Rxb2 22. Bxf4 Rxf4 23. Rac1 Qb7 24. Nf3 Qb5 25. Qd1 Qf5 26. Rc8+ Kh7
27. Rc7 d3 28. Re5 Qg6 29. g3 d2 30. Kg2 Re4 31. Rd7 Rxe5 32. Nxe5 Qe4+ 33. Qf3
Qxe5 34. Qd3+ Qf5 35. Qd4 e5 36. Qa7 Qe4+ 37. Kh3 g4+ 38. Kh4 Qg6 0-1

[Event "USCL Miami vs Tennessee"]
[Site "Internet Chess Club"]
[Date "2006.10.25"]
[Round "9"]
[White "Andrews, Todd"]
[Black "Espino, Miguel"]
[Result "0-1"]
[WhiteElo "2350"]
[BlackElo "2279"]
[PlyCount "126"]
[EventDate "2006.??.??"]

1. d4 g6 2. c4 Bg7 3. e4 Nc6 4. Nf3 d6 5. d5 Ne5 6. Nxe5 Bxe5 7. Bd3 c5 8. O-O
Bg7 9. Nc3 Nf6 10. Bg5 O-O 11. Qd2 a6 12. a4 Rb8 13. Rae1 Ng4 14. f4 f6 15. Bh4
Nh6 16. h3 Nf7 17. g4 Bd7 18. Bg3 Qa5 19. Qe2 Qb4 20. h4 b5 21. axb5 axb5 22.
Nxb5 Rfc8 23. Ra1 Rxb5 24. cxb5 c4 25. Bb1 Bxb5 26. Rc1 f5 27. e5 dxe5 28. gxf5
exf4 29. Qe6 Rd8 30. Bf2 Qxb2 31. Bc2 Bd7 32. Qxe7 Bf6 33. Qc5 Bxf5 34. Bxf5
gxf5 35. Rab1 Qe2 36. Qxc4 Qg4+ 37. Kh2 Ne5 38. Qf1 Nf3+ 39. Kh1 Bxh4 40. Rb2
Bg3 41. Bxg3 fxg3 42. Kg2 Nh4+ 43. Kh1 Qe4+ 44. Rg2 Qxd5 45. Qc4 Qxc4 46. Rxc4
Rd1+ 47. Rg1 g2+ 48. Kh2 Nf3+ 49. Kxg2 Nxg1 50. Rc2 Kf7 51. Rf2 Kf6 52. Kh2 Rd2
53. Kxg1 Rxf2 54. Kxf2 Ke5 55. Kf3 f4 56. Kf2 Ke4 57. Ke2 f3+ 58. Kf2 Kf4 59.
Kf1 Ke3 60. Ke1 f2+ 61. Kf1 h6 62. Kg2 Ke2 63. Kg3 f1=Q 0-1

[Event "USCL Miami vs Tennessee"]
[Site "Internet Chess Club"]
[Date "2006.10.25"]
[Round "9"]
[White "Torres, Javier"]
[Black "Wheeler, Jerry"]
[Result "0-1"]
[WhiteElo "2215"]
[BlackElo "2206"]
[PlyCount "80"]
[EventDate "2006.??.??"]

1. d4 g6 2. c4 Bg7 3. e4 c5 4. d5 b5 5. cxb5 a6 6. b6 Qxb6 7. Nc3 d6 8. f4 Nf6
9. a4 O-O 10. a5 Qb7 11. Bc4 Bd7 12. e5 Ne8 13. Nf3 Bg4 14. O-O dxe5 15. fxe5
Bxe5 16. Bh6 Nd6 17. Bxf8 Nxc4 18. Qe2 Bd4+ 19. Kh1 Ne3 20. Bh6 Nxf1 21. Rxf1
Bf6 22. h3 Bxf3 23. Rxf3 Nd7 24. Re3 Rb8 25. Bf4 Rf8 26. d6 e5 27. Bh6 Rb8 28.
Ne4 Bg7 29. Bxg7 Kxg7 30. b3 Qb5 31. Qe1 c4 32. bxc4 Qxc4 33. Rc3 Qa2 34. Qg3
Qb1+ 35. Kh2 Qxe4 36. Rc7 Rd8 37. Ra7 Nc5 38. Re7 Qf4 39. Rxe5 Qxg3+ 40. Kxg3
Nb7 0-1

[Event "USCL Philadelphia vs New York"]
[Site "Internet Chess Club"]
[Date "2006.11.01"]
[Round "10"]
[White "Rogers, Norman"]
[Black "Hess, Robert"]
[Result "0-1"]
[WhiteElo "2270"]
[BlackElo "2422"]
[PlyCount "136"]
[EventDate "2006.??.??"]

1. e4 e5 2. Nf3 Nc6 3. Bc4 Be7 4. d4 d6 5. d5 Nb8 6. Bd3 c6 7. c4 Nf6 8. Nc3
O-O 9. h3 a6 10. a4 a5 11. O-O Na6 12. Be3 Nb4 13. Rc1 c5 14. Bb1 g6 15. Bh6
Nh5 16. Qd2 Re8 17. Nb5 Bd7 18. Rc3 Na6 19. g4 Ng7 20. Ng5 f6 21. Nf3 Rf8 22.
Kh2 Qe8 23. Rg1 Qf7 24. Rg2 Rae8 25. Nh4 Kh8 26. Rf3 Nb4 27. g5 Bxb5 28. axb5
Qg8 29. gxf6 Rxf6 30. Ra3 Nh5 31. Rxa5 Qf7 32. Bg5 Nf4 33. Rg4 Nfxd5 34. Bxf6+
Nxf6 35. Rg2 Ng8 36. Rg4 Rf8 37. Kg2 Qxc4 38. Qc3 Qf7 39. Qg3 Nf6 40. Nxg6+
hxg6 41. Rxg6 Qh7 42. Kf1 Nh5 43. Qg4 Nf4 44. Re6 Nxe6 45. Qxe6 Qf7 46. Qxf7
Rxf7 47. Ke2 Bh4 48. f3 Kg7 49. Ba2 Nxa2 50. Rxa2 Kf6 51. Ra8 Rh7 52. Rf8+ Ke6
53. Rb8 Bg5 54. b6 c4 55. Kd1 Be3 56. Rc8 Bxb6 57. Rxc4 Rxh3 58. Rb4 Bc5 59.
Rxb7 Rxf3 60. Kd2 Kf6 61. Rb8 Kg5 62. b4 Bd4 63. b5 Kf4 64. b6 Kxe4 65. b7 Rf2+
66. Kc1 Kd3 67. Kb1 Rb2+ 68. Kc1 Rb6 0-1

[Event "USCL Philadelphia vs New York"]
[Site "Internet Chess Club"]
[Date "2006.11.01"]
[Round "10"]
[White "Herman, Matt"]
[Black "Wilson, Elvin"]
[Result "1/2-1/2"]
[WhiteElo "2172"]
[BlackElo "2240"]
[PlyCount "127"]
[EventDate "2006.??.??"]

1. e4 e6 2. d4 d5 3. Nc3 Nf6 4. e5 Nfd7 5. f4 c5 6. Nf3 Nc6 7. Be3 a6 8. Qd2 b5
9. dxc5 Nxc5 10. Qf2 b4 11. Bxc5 bxc3 12. b3 Qa5 13. Bxf8 Rxf8 14. Nd4 Bb7 15.
a3 Rc8 16. Nxc6 Bxc6 17. Qd4 Bb7 18. b4 Qc7 19. Bd3 f5 20. h4 Rf7 21. Ke2 Qd8
22. Rag1 h5 23. Rh3 Rfc7 24. Qb6 Re7 25. Qxd8+ Rxd8 26. b5 a5 27. Rg3 Kf7 28.
Rb1 Red7 29. Kf2 Rc8 30. Rg5 Rh8 31. Re1 g6 32. Re3 d4 33. Reg3 Rg8 34. Ke1 a4
35. Be2 Rdd8 36. Kd1 Be4 37. Kc1 Rb8 38. Bc4 Ba8 39. Rd3 Rbd8 40. Rdg3 Be4 41.
Be2 Bd5 42. Kd1 Rc8 43. Rd3 Bc4 44. Rxd4 Rgd8 45. Rxd8 Rxd8+ 46. Ke1 Bxe2 47.
Kxe2 Rd2+ 48. Ke3 Rxc2 49. Kd3 Rb2 50. Rg3 Rxb5 51. Kc4 c2 52. Rc3 Rb2 53. Kd3
c1=Q 54. Rxc1 Rxg2 55. Rc7+ Kf8 56. Ra7 Rg3+ 57. Kd4 Rxa3 58. Kc5 Rd3 59. Rxa4
Ke7 60. Ra7+ Rd7 61. Rxd7+ Kxd7 62. Kb5 Kd8 63. Kc5 Kd7 64. Kb5 1/2-1/2

[Event "USCL Baltimore vs Boston"]
[Site "Internet Chess Club"]
[Date "2006.11.01"]
[Round "10"]
[White "Blehm, Pawel"]
[Black "Foygel, Igor"]
[Result "1-0"]
[WhiteElo "2589"]
[BlackElo "2541"]
[PlyCount "87"]
[EventDate "2006.??.??"]

1. e4 c5 2. Nf3 Nc6 3. d4 cxd4 4. Nxd4 Nf6 5. Nc3 e5 6. Ndb5 d6 7. Bg5 a6 8.
Na3 b5 9. Nd5 Be7 10. Bxf6 Bxf6 11. c3 Bg5 12. Nc2 Rb8 13. a4 bxa4 14. Ncb4
Nxb4 15. Nxb4 Bd7 16. Bxa6 O-O 17. O-O Qe8 18. Bd3 Bd8 19. Bc2 Ra8 20. Qxd6 Be7
21. Qxe5 Bxb4 22. Qxe8 Rfxe8 23. cxb4 Rec8 24. Rfc1 Rab8 25. b3 axb3 26. Bxb3
Rxc1+ 27. Rxc1 Rxb4 28. Bd5 Ra4 29. f3 Ra7 30. g4 Kf8 31. h4 h6 32. Kf2 Ke7 33.
Kg3 Be6 34. Bxe6 Kxe6 35. h5 Ra3 36. Kf4 Ra8 37. Rc5 Rb8 38. Rc6+ Ke7 39. Kf5
Rb5+ 40. e5 Rb3 41. f4 Rb4 42. Rc7+ Kf8 43. Rc8+ Ke7 44. Rg8 1-0

[Event "USCL Baltimore vs Boston"]
[Site "Internet Chess Club"]
[Date "2006.11.01"]
[Round "10"]
[White "Kelleher, William"]
[Black "Enkhbat, Tegshsuren"]
[Result "1-0"]
[WhiteElo "2387"]
[BlackElo "2402"]
[PlyCount "61"]
[EventDate "2006.??.??"]

1. e4 c6 2. d4 d5 3. exd5 cxd5 4. c4 Nf6 5. Nc3 e6 6. Nf3 Bb4 7. cxd5 Nxd5 8.
Bd2 Nc6 9. Bd3 Be7 10. O-O O-O 11. Qe2 Bf6 12. Rad1 g6 13. Bh6 Re8 14. Rfe1
Nxc3 15. bxc3 Bd7 16. Qe4 Qc7 17. Bg5 Bg7 18. Qh4 Qa5 19. Nd2 f5 20. Nc4 Qxc3
21. Nd6 Nxd4 22. Re3 Qb4 23. Nxe8 Rxe8 24. Bf6 e5 25. Rh3 h5 26. Qg5 Qf8 27.
Bc4+ Kh7 28. Rxh5+ gxh5 29. Qxh5+ Bh6 30. Bf7 Re6 31. Qg6# 1-0

[Event "USCL Baltimore vs Boston"]
[Site "Internet Chess Club"]
[Date "2006.11.01"]
[Round "10"]
[White "Kaufman, Larry"]
[Black "Riordan, Charles"]
[Result "0-1"]
[WhiteElo "2394"]
[BlackElo "2330"]
[PlyCount "86"]
[EventDate "2006.??.??"]

1. d4 Nf6 2. c4 g6 3. Nc3 Bg7 4. e4 d6 5. Nf3 O-O 6. h3 Na6 7. Bg5 e5 8. d5 Qe8
9. g4 Nd7 10. Rg1 Kh8 11. Nd2 f5 12. gxf5 gxf5 13. Qe2 Nb4 14. O-O-O Nc5 15.
Kb1 fxe4 16. Ndxe4 Nxe4 17. Nxe4 Bf5 18. Bg2 Qa4 19. b3 Qd7 20. a3 Na6 21. Ka2
Rab8 22. Ng3 Nc5 23. Be3 b6 24. Nh5 Bg6 25. Nxg7 Qxg7 26. f4 Rxf4 27. Bxf4 exf4
28. Bf3 Qc3 29. Qb2 Qxb2+ 30. Kxb2 Re8 31. b4 Nd3+ 32. Kc3 Re3 33. Bg4 Ne5+ 34.
Kd4 h5 35. Rgf1 Re4+ 36. Kc3 hxg4 37. hxg4 Re3+ 38. Kd4 Nf3+ 39. Rxf3 Rxf3 40.
c5 Rxa3 41. cxd6 cxd6 42. Kc4 f3 43. Rd2 a6 0-1

[Event "USCL Baltimore vs Boston"]
[Site "Internet Chess Club"]
[Date "2006.11.01"]
[Round "10"]
[White "Martirosov, Vadim"]
[Black "Rohonyan, Katerina"]
[Result "1/2-1/2"]
[WhiteElo "2270"]
[BlackElo "2292"]
[PlyCount "107"]
[EventDate "2006.??.??"]

1. d4 Nc6 2. Nf3 d5 3. c4 Bg4 4. cxd5 Bxf3 5. exf3 Qxd5 6. Be3 e5 7. Nc3 Bb4 8.
dxe5 Qxe5 9. Rc1 Nf6 10. Bc4 O-O 11. O-O Bc5 12. f4 Qe7 13. Nd5 Nxd5 14. Bxc5
Qxc5 15. Bxd5 Qb4 16. Bxc6 bxc6 17. b3 Qxf4 18. Rxc6 a5 19. Qc1 Qb4 20. Rxc7 a4
21. Qc4 Qxc4 22. Rxc4 axb3 23. axb3 Ra2 24. Rb1 Rd8 25. h4 h6 26. b4 Rdd2 27.
Rf4 Rab2 28. Rc1 g5 29. hxg5 hxg5 30. Rf5 Rxb4 31. Rc7 Rd1+ 32. Kh2 Rh4+ 33.
Kg3 Rh7 34. Rxg5+ Rg7 35. Rxg7+ Kxg7 36. f3 Rd4 37. Ra7 Kg6 38. Kh3 Rb4 39. g4
Rc4 40. Kg3 Rb4 41. f4 f6 42. Ra6 Rb3+ 43. Kh4 Rf3 44. f5+ Kg7 45. Ra7+ Kh6 46.
Ra6 Kg7 47. Rb6 Rf1 48. Kg3 Rg1+ 49. Kf3 Rf1+ 50. Kg2 Ra1 51. Rb7+ Kh6 52. Kf3
Ra4 53. Re7 Rf4+ 54. Kxf4 1/2-1/2

[Event "USCL Carolina vs Tennessee"]
[Site "Internet Chess Club"]
[Date "2006.11.01"]
[Round "10"]
[White "Milman, Lev"]
[Black "Burnett, Ron"]
[Result "1-0"]
[WhiteElo "2504"]
[BlackElo "2423"]
[PlyCount "59"]
[EventDate "2006.??.??"]

1. e4 d6 2. d4 Nf6 3. Nc3 g6 4. Be3 c6 5. Qd2 b5 6. Bd3 Nbd7 7. Nf3 Bb7 8. e5
b4 9. Ne4 Nxe4 10. Bxe4 a5 11. h4 Nb6 12. h5 gxh5 13. Qe2 h6 14. c4 Nxc4 15. e6
Nxe3 16. exf7+ Kxf7 17. fxe3 Ke8 18. Rc1 Qb6 19. Nd2 Rg8 20. Qxh5+ Kd7 21. Nc4
Qd8 22. O-O Rg5 23. Qf3 Bg7 24. Ne5+ Rxe5 25. Bxc6+ Bxc6 26. Qxc6+ Ke6 27. dxe5
Bxe5 28. Qc4+ d5 29. Qc6+ Bd6 30. e4 1-0

[Event "USCL Carolina vs Tennessee"]
[Site "Internet Chess Club"]
[Date "2006.11.01"]
[Round "10"]
[White "Zaikov, Oleg"]
[Black "Wheeler, Jerry"]
[Result "1-0"]
[WhiteElo "2331"]
[BlackElo "2206"]
[PlyCount "55"]
[EventDate "2006.??.??"]

1. d4 Nf6 2. Nf3 g6 3. c4 c5 4. d5 b5 5. Qc2 Bg7 6. e4 d6 7. cxb5 a6 8. Nc3 O-O
9. a4 e6 10. dxe6 fxe6 11. e5 Nd5 12. Qe4 Bb7 13. Be2 Ra7 14. Qg4 Nxc3 15. bxc3
Bxf3 16. Bxf3 Bxe5 17. Qxe6+ Kh8 18. O-O axb5 19. a5 b4 20. Bh6 Re8 21. Qc4
bxc3 22. Rfe1 Qf6 23. h4 Qd8 24. Bg5 d5 25. Qxc5 Rc7 26. Qb6 Qd7 27. Rxe5 Rc6
28. Rxe8+ 1-0

[Event "USCL San Francisco vs Miami"]
[Site "Internet Chess Club"]
[Date "2006.11.01"]
[Round "10"]
[White "Lugo, Blas"]
[Black "Zilberstein, Dmitry"]
[Result "0-1"]
[WhiteElo "2447"]
[BlackElo "2435"]
[PlyCount "58"]
[EventDate "2006.??.??"]

1. e4 e5 2. Nf3 Nc6 3. Nc3 Nf6 4. Bb5 Nd4 5. Nxd4 exd4 6. e5 dxc3 7. exf6 Qxf6
8. dxc3 Qe5+ 9. Be2 Bc5 10. O-O O-O 11. Bd3 d6 12. Qf3 a5 13. Bf4 Qf6 14. Rae1
Be6 15. Qg3 h6 16. h4 Rfe8 17. Re4 Bd5 18. Ree1 Bc6 19. Qg4 b5 20. a3 Rab8 21.
Kh2 Rxe1 22. Rxe1 Bxf2 23. Bg5 hxg5 24. hxg5 Bd7 25. Qe4 Qe5+ 26. Qxe5 dxe5 27.
Rxe5 Re8 28. Rxe8+ Bxe8 29. g3 Be3 0-1